[Event "Ilyumzhinov Cup"]
[Site "Internet"]
[Date "2006.05.06"]
[Round "?"]
[White "Fingerov, Dmitry"]
[Black "Soleimani, Shantiya"]
[Result "1-0"]
[WhiteElo "2341"]
[BlackElo "2210"]
[PlyCount "83"]
[EventDate "2006.05.06"]
[EventType "swiss"]
[EventRounds "13"]
[EventCountry "RUS"]
[SourceTitle "CBM 112 Extra"]
[Source "ChessBase"]
[SourceDate "2006.07.14"]
[SourceVersion "1"]
[SourceVersionDate "2006.07.14"]
[SourceQuality "1"]

1. e4 e5 2. Nf3 Nc6 3. Nc3 Nf6 4. d4 Bb4 5. Nxe5 0-0 6. Bd2 Bxc3 7. Bxc3 Nxe4 8. Bd3 d5 9. Bxe4 dxe4 10. Nxc6 bxc6 11. Qe2 Re8 12. 0-0-0 Qd5 13. a3 Qa2 14. g4 a5 15. h4 Rb8 16. g5 Be6 17. h5 Bd5 18. Qe3 Rb5 19. g6 Reb8 20. gxh7+ Kh8 21. h6 g6 22. Qf4 Kxh7 23. Qf6 Rg8 24. Rhg1 Qc4 25. Rg5 Qe2 26. Rxd5 Rxd5 27. Qxf7+ Kh8 28. Qf6+ Kh7 29. Qf7+ Kh8 30. h7 Rg7 31. Qf8+ Kxh7 32. Qf4 Qf3 33. Qh4+ Rh5 34. Qg3 Qxg3 35. fxg3 e3 36. Re1 Re7 37. g4 Rh2 38. Bxa5 Rf2 39. Bb4 e2 40. Bxe7 Kg7 41. Bh4 Kf7 42. Bxf2 1-0

[Event "Fajr op 13th"]
[Site "Tehran"]
[Date "2005.01.31"]
[Round "8"]
[White "Bajarani, Ilgar"]
[Black "Soleimani, Shantiya"]
[Result "1-0"]
[WhiteElo "2333"]
[BlackElo "2179"]
[PlyCount "69"]
[EventDate "2005.01.04"]
[EventType "swiss"]
[EventRounds "9"]
[EventCountry "IRI"]
[SourceTitle "CBM 104 Extra"]
[Source "ChessBase"]
[SourceDate "2005.03.01"]
[SourceVersion "1"]
[SourceVersionDate "2005.03.01"]
[SourceQuality "1"]

1. e4 Nc6 2. Nf3 d6 3. d4 Nf6 4. Nc3 Bg4 5. d5 Nb8 6. h3 Bxf3 7. Qxf3 g6 8. Bg5 Bg7 9. Qe3 h6 10. Bh4 0-0 11. 0-0-0 a6 12. f4 Nfd7 13. g4 b5 14. e5 Nc5 15. Bg3 Nbd7 16. h4 Qb8 17. h5 Qb6 18. Re1 b4 19. Nd1 a5 20. hxg6 fxg6 21. Qe2 Rfb8 22. e6 Nf8 23. g5 b3 24. cxb3 a4 25. gxh6 Bf6 26. Bh4 axb3 27. a3 Bd4 28. Qd2 Na4 29. h7+ Kh8 30. Bxe7 Nxb2 31. Re5 Nxh7 32. Bf6+ Kg8 33. Rxh7 Qc5+ 34. Nc3 Nd3+ 35. Kb1 1-0

[Event "Fajr op 13th"]
[Site "Tehran"]
[Date "2005.01.29"]
[Round "4"]
[White "Doostkam, Pooyan"]
[Black "Soleimani, Shantiya"]
[Result "0-1"]
[WhiteElo "2221"]
[BlackElo "2179"]
[PlyCount "90"]
[EventDate "2005.01.04"]
[EventType "swiss"]
[EventRounds "9"]
[EventCountry "IRI"]
[SourceTitle "CBM 104 Extra"]
[Source "ChessBase"]
[SourceDate "2005.03.01"]
[SourceVersion "1"]
[SourceVersionDate "2005.03.01"]
[SourceQuality "1"]

1. c4 e6 2. Nc3 d5 3. d4 Nf6 4. cxd5 exd5 5. Bg5 c6 6. e3 Be7 7. Bd3 0-0 8. Nf3 Nbd7 9. Qc2 Re8 10. 0-0 Nf8 11. Rae1 g6 12. Ne5 Ne6 13. f4 Ng7 14. f5 Nxf5 15. g4 Nd6 16. h3 Nfe4 17. Bxe7 Qxe7 18. Bxe4 dxe4 19. Nxe4 Nxe4 20. Rxf7 Qh4 21. Ref1 Qg3+ 22. Qg2 Qxg2+ 23. Kxg2 Be6 24. Rxb7 Bd5 25. Kg1 Reb8 26. Rc7 Rc8 27. Re7 a5 28. h4 Rab8 29. b3 a4 30. Nd7 Re8 31. Rxe8+ Rxe8 32. bxa4 Re7 33. Ne5 c5 34. Rc1 c4 35. Rb1 c3 36. Rb8+ Kg7 37. Rc8 Bxa2 38. Nd3 Bb3 39. a5 Be6 40. Rc6 Bd5 41. Rc8 Ra7 42. Nf4 Rxa5 43. Rc7+ Kf8 44. Nxd5 Rxd5 45. Kg2 Nc5 0-1

[Event "Fajr op 13th"]
[Site "Tehran"]
[Date "2005.01.29"]
[Round "5"]
[White "Soleimani, Shantiya"]
[Black "Mamedov, Nidjat"]
[Result "0-1"]
[WhiteElo "2179"]
[BlackElo "2446"]
[PlyCount "100"]
[EventDate "2005.01.04"]
[EventType "swiss"]
[EventRounds "9"]
[EventCountry "IRI"]
[SourceTitle "CBM 104 Extra"]
[Source "ChessBase"]
[SourceDate "2005.03.01"]
[SourceVersion "1"]
[SourceVersionDate "2005.03.01"]
[SourceQuality "1"]

1. e4 c5 2. c3 g6 3. Nf3 Bg7 4. d4 cxd4 5. Nxd4 Nc6 6. Nxc6 bxc6 7. Bd3 Nf6 8. 0-0 0-0 9. Qe2 d5 10. Nd2 Rb8 11. e5 Nd7 12. f4 Nc5 13. Nf3 a5 14. Rf2 a4 15. Bc2 Bg4 16. h3 Bxf3 17. Qxf3 e6 18. Rb1 Qa5 19. Be3 Nd7 20. Qd1 Ra8 21. c4 Rfb8 22. cxd5 cxd5 23. b3 axb3 24. Bxb3 Bf8 25. Rc2 Ba3 26. Qe1 Nc5 27. Qxa5 Rxa5 28. Bxc5 Rxc5 29. Rxc5 Bxc5+ 30. Kh2 Be3 31. g3 g5 32. Rf1 Rb4 33. fxg5 Bxg5 34. Re1 Rd4 35. Kg2 Rd3 36. Re2 Bd8 37. Bc2 Rc3 38. Bb3 Bb6 39. h4 h6 40. Kh3 d4 41. Kg4 d3 42. Rd2 Ba5 43. Rd1 d2 44. Kf4 h5 45. g4 hxg4 46. Kxg4 Re3 47. Kf4 Re1 48. Bc2 Bc3 49. Kf3 Kg7 50. a4 Kh6 0-1